| 000 | 00718nam a2200217Ia 4500 | ||
|---|---|---|---|
| 005 | 20241129104226.0 | ||
| 008 | 241129s9999||||xx |||||||||||||| ||und|| | ||
| 020 | _a9781447362678 | ||
| 037 | _aTextual | ||
| 040 |
_aRTL _beng _cRTL |
||
| 041 |
_aeng _2eng |
||
| 084 |
_aY15(S5) R3 _qRTL |
||
| 100 |
_aDavies Ceryl Teleri _9725312 |
||
| 245 | 0 |
_aUnderstanding abuse inyoung people's intimate relationships: Female perspectives on power control and gendered social norms _cDavies Ceryl Teleri |
|
| 260 |
_aUnited Kingdom _bPolicy Press _c2023 |
||
| 300 | _av,149p. | ||
| 365 |
_aINR _b2649.28 |
||
| 650 |
_aIntimate Relationships _9725313 |
||
| 942 |
_cTB _hY15(S5) R3 |
||
| 999 |
_c1224956 _d1224956 |
||